Tunnista kolmen valtion rajapisteet #2 - Statistics

Yleistilastot
  • Tätä visaa on pelattu 472 kertaa
  • Keskiarvotulos 20 / 27
Vastaustilastot
Kuvavisa Hint Vastaus % Oikein
Ruotsi
98%
Suomi
98%
Norja
97%
Kiina
92%
Intia
90%
Nepal
89%
Turkki
86%
Kreikka
84%
Bulgaria
82%
Algeria
80%
Brasilia
80%
Romania
80%
Libya
79%
Tunisia
79%
Argentiina
78%
Moldova
78%
Ukraina
78%
Uruguay
78%
Eritrea
63%
Etiopia
63%
Sudan
63%
Saksa
55%
Sveitsi
55%
Ranska
54%
(alempi kolmen valtion rajapiste) Nigeria
46%
(alempi kolmen valtion rajapiste) Tšad
44%
(alempi kolmen valtion rajapiste) Kamerun
42%
Ehtoja vastaavia visoja ei löytynyt
Tulosjakauma
Jokaisen tuloksen saaneiden osuus
Persentiili vastausten määrän mukaan
Tuloshistoriasi
Et ole pelannut tätä visaa